Canción famosa por la letra - Estadísticas

Estadísticas generales
  • Esta prueba ha sido intentada 100 veces
  • La puntuación promedio es 3 de 15
Estadísticas de respuestas
Hint Respuesta % Correcto
Me despierto 6 AM en otro barrio un domingo Mamichula
88%
Mami te siento lejo dime donde estás Gata only
37%
Tan bonita que asusta Reina
29%
Cuando quieras virar aquí yo voy a estar Ganas sobran
21%
Yo la conozco ella es reservá Quiere beber
20%
Se plancha el pelo cuando salimos, se pone... Se pone las nike
18%
Nadie lo hace como tú lo sabe hacer Fiel Remix
13%
El de antes me pasa a buscar en la bici, el nuevo lleva un Cayenne Casanova
11%
Ese toto me hizo una hipnosis Diluvio
8%
Moviendo los pollos, no son teriyaki 105F Remix
7%
Tú eras una puppy, tú estudiabas en el Cumbres Cruz
7%
Yo te pasaba el phillie y me dabas guaro, que buenos tiempos Mojando asientos
7%
Y haciendo el amor es que resolvemos Pa los gustos los colores
7%
Me pasaría la vida buscándote Sola Remix
4%
Y cuando perrea ella me pide que le baile, la conocí por Bueno Aire Fiera
3%
No se encontraron pruebas coincidentes
Distribución de puntuación
Porcentaje de gente con cada puntuación
Porcentaje por número respondido
Historial de tus puntuaciones
No has intentado esta prueba.